Normal view MARC view

Entry Topical Term

Number of records used in: 1

001 - CONTROL NUMBER

  • control field: 8189

003 - CONTROL NUMBER IDENTIFIER

  • control field: dpl

005 - DATE AND TIME OF LATEST TRANSACTION

  • control field: 20100807102333.0

008 - FIXED-LENGTH DATA ELEMENTS

  • fixed length control field: 100807|||a|||||| | ||| d

040 ## - CATALOGING SOURCE

  • Original cataloging agency: dpl
  • Transcribing agency: dpl

150 ## - HEADING--TOPICAL TERM

  • Topical term or geographic name as entry element: Human Capital

670 ## - SOURCE DATA FOUND

  • Source citation: Work cat.: (dpl)39491: Pushparani, C. 8188, Importance of human capital in economic development /, 2008

670 ## - SOURCE DATA FOUND

  • Source citation: Work cat.: (dpl)39491: Pushparani, C. 8188, Importance of human capital in economic development /, 2008

© Delhi Public Library
Hit Counter
free hit counter